000 00485 a2200157 4500
005 20250603104534.0
020 _a9987-417-53-1
082 _a658.403 BAR
100 _aBARADYANA, J. S
245 _aQuantitative Techniques for Business Decisions.
260 _aDar Es Salaam,
_bMkuki na Nyota,
_c2012.
300 _axiv,293p.: ill.; table.
_c24cm.
_bReferences.
700 _aAME, A. M.
856 _yAccess online book
_fQuantitative Techniques
_dwww.mkukinanyota.com
942 _2ddc
_cBKS
999 _c2285
_d2285